Building for the future (Record no. 106865)
[ view plain ]
| 000 -LEADER | |
|---|---|
| fixed length control field | 01493cam a22002175a 4500 |
| 001 - CONTROL NUMBER | |
| control field | L137656 |
| 008 - FIXED-LENGTH DATA ELEMENTS--GENERAL INFORMATION | |
| fixed length control field | 070424s2007 xxk f f000 0 eng d |
| 020 ## - INTERNATIONAL STANDARD BOOK NUMBER | |
| International Standard Book Number | 9780102944662 |
| 035 ## - SYSTEM CONTROL NUMBER | |
| System control number | (Sirsi) u137656 |
| 041 0# - LANGUAGE CODE | |
| Language code of text/sound track or separate title | eng |
| 050 04 - LIBRARY OF CONGRESS CALL NUMBER | |
| Classification number | 333.72 $2 18 |
| 110 1# - MAIN ENTRY--CORPORATE NAME | |
| Corporate name or jurisdiction name as entry element | United Kingdom |
| Subordinate unit | National Audit Office |
| 9 (RLIN) | 1350 |
| 245 00 - TITLE STATEMENT | |
| Title | Building for the future |
| Remainder of title | sustainable construction and refurbishment on the government estate |
| -- | report by the comptroller and auditor general |
| -- | HC 324 session 2006-2007 |
| Medium | [electronic resource] |
| 260 ## - PUBLICATION, DISTRIBUTION, ETC. | |
| Place of publication, distribution, etc. | London |
| Name of publisher, distributor, etc. | TSO |
| Date of publication, distribution, etc. | 2007 |
| 520 ## - SUMMARY, ETC. | |
| Summary, etc. | Looks at how successfully departments and executive agencies are meeting sustainability targets for their new buildings and major refurbishments. Whilst most departments have started to see sustainability as an issue, in 2005-06 only 35% of new builds and 18% of major refurbishment projects had carried out or planned to carry out environmental assessments. In addition, out of a sample of projects that had not been assessed, 80% would not have met the required assessment standards. A key issue for departments is reconciling sustainability and value for money. The report concludes by illustrating how sustainable buildings can deliver real benefits and making detailed recommendations. |
| 590 ## - LOCAL NOTE (RLIN) | |
| Local note | KA NTK |
| 651 #4 - SUBJECT ADDED ENTRY--GEOGRAPHIC NAME | |
| Geographic name | United Kingdom |
| Chronological subdivision | |
| 690 ## - LOCAL SUBJECT ADDED ENTRY--TOPICAL TERM (OCLC, RLIN) | |
| Topical term or geographic name as entry element | BUILT ENVIRONMENT-SUSTAINABLE CONSTRUCTION |
| 856 48 - ELECTRONIC LOCATION AND ACCESS | |
| Uniform Resource Identifier | <a href="https://www.nao.org.uk/pn/06-07/0607324.htm">https://www.nao.org.uk/pn/06-07/0607324.htm</a> |
| Public note | View the report free of charge at www.nao.org.uk... |
| 942 ## - ADDED ENTRY ELEMENTS (KOHA) | |
| Suppress in OPAC | 0 |
| Withdrawn status | Lost status | Source of classification or shelving scheme | Damaged status | Not for loan | Home library | Current library | Shelving location | Date acquired | Total Checkouts | Full call number | Barcode | Date last seen | Copy number | Price effective from | Koha item type |
|---|---|---|---|---|---|---|---|---|---|---|---|---|---|---|---|
| Dewey Decimal Classification | Virtual | Virtual | Online | 24/04/2007 | ONLINE PUBLICATION | 137656-2001 | 06/08/2019 | 1 | 06/08/2019 | Book |